|
|
|
|
| LEADER |
00000nam0a2200000 4500 |
| 001 |
309186 |
| 005 |
20231102002151.0 |
| 020 |
|
|
|a RU
|b 81-91270
|
| 035 |
|
|
|a (RuTPU)RU\TPU\book\334508
|
| 090 |
|
|
|a 309186
|
| 100 |
|
|
|a 20151111d1981 km y0rusy5003 ca
|
| 101 |
0 |
|
|a rus
|
| 102 |
|
|
|a UA
|
| 105 |
|
|
|a y z 001zy
|
| 200 |
1 |
|
|a Теория и практика применения защитно-декоративных покрытий металлами и сплавами
|f Н. Д. Иванова, Н. Е. Нечаева
|g Общество "Знание" Украинской ССР
|
| 210 |
|
|
|a Киев
|c О-во "Знание" УССР
|d 1981
|
| 215 |
|
|
|a 22 с.
|
| 225 |
1 |
|
|a Библиотечка "Новые покрытия и сварка металлов"
|
| 320 |
|
|
|a Библиогр.: с. 18-22
|
| 606 |
1 |
|
|a Защитные покрытия
|x Нанесение
|x Гальванотехника
|2 stltpush
|3 (RuTPU)RU\TPU\subj\74761
|9 86780
|
| 610 |
1 |
|
|a декоративные покрытия
|
| 610 |
1 |
|
|a теория
|
| 610 |
1 |
|
|a практика
|
| 610 |
1 |
|
|a применение
|
| 610 |
1 |
|
|a электрохимические методы
|
| 675 |
|
|
|a 621.357.74
|z rus
|v 3
|
| 700 |
|
1 |
|a Иванова
|b Н. Д.
|g Наталия Дмитриевна
|4 070
|
| 701 |
|
1 |
|a Нечаева
|b Н. Е.
|g Наталья Евгеньевна
|4 070
|
| 712 |
0 |
2 |
|a Общество "Знание" Украинской ССР
|2 stltpush
|3 (RuTPU)RU\TPU\col\8781
|9 24581
|
| 801 |
|
0 |
|a RU
|b RuMRKP
|c 19950704
|g psbo
|
| 801 |
|
1 |
|a RU
|b 63413507
|c 20151111
|
| 801 |
|
2 |
|a RU
|b 63413507
|c 20190726
|g RCR
|
| 942 |
|
|
|c BK
|